|
|
|
|
| LEADER |
00723nam a22002172a 4500 |
| 001 |
000358513 |
| 003 |
CZ BrMZK |
| 005 |
20251113120345.0 |
| 007 |
ta |
| 008 |
980105s1968 gw f 000 0 ger d |
| 040 |
|
|
|a BOA001
|b cze
|
| 245 |
0 |
0 |
|a Kunst und Kybernetik :
|b ein Bericht über 3 Kunsterziehertaugungen Recklinghausen 1965, 1966, 1967 /
|c herausgegeben von Hans Ronge
|
| 260 |
|
|
|a Köln :
|b M. DuMont Schauberg,
|c 1968
|
| 300 |
|
|
|a 237 s.
|
| 490 |
1 |
|
|a DuMont-Aktuell
|
| 504 |
|
|
|a Obsahuje bibliografii
|
| 700 |
1 |
|
|a Ronge, Hans
|4 edt
|
| 830 |
|
0 |
|a DuMont-Aktuell
|
| 910 |
|
|
|a BOA001
|b 2-0680.476
|
| 990 |
|
|
|a BK
|
| 996 |
7 |
|
|b 2619811737
|c 2-0680.476
|l Sklad H1
|r Sklad / do 24 hodin
|n 1
|h HS212
|w 000358513
|u 000010
|a 1
|e BOA001
|j MZK50
|s A
|